Winter Olympics Host Countries - Map Quiz - Statistics

General Stats
  • This quiz has been taken 56 times
  • The average score is 13 of 13
Answers on the Map
Answers color-coded by a green-red scale on the quiz's map according to % correct below.
 
Answer Stats
Year Country % Correct
19882010 Canada
100%
2022 China
100%
19562006 Italy
100%
19721998 Japan
100%
19321960
1980 2002
United States
100%
19241968 1992 France
98%
1936 Germany
98%
19521994 Norway
98%
2014 Russia
98%
2018 South Korea
96%
19281948 Switzerland
93%
19641976 Austria
91%
1984 Bosnia and Herzegovina
87%
No matching quizzes found
Score Distribution
Percent of People with Each Score
Percentile by Number Answered
Your Score History
You have not taken this quiz